Le migliori ricette regionali della Moravia-Slesia /

Korporativní autor: Moravskoslezský kraj (Česko : 2000-)
Jazyk: Italština
Vydáno: Ostrava : Regione della Moravia-Slesia, 2013
Témata:
Fyzický popis: 56 s. : barev. il. ; 21 cm
Knihy
Uloženo v:
LEADER 01454nam a2200421 a 4500
001 nkc20142541679
003 CZ PrNK
005 20140311082259.0
007 ta
008 140123s2013 xr a e 000 0 ita
015 |a cnb002541679 
020 |a 978-80-87503-45-4  |q (brož.) 
035 |a (OCoLC)872341481 
040 |a OLA001  |b cze  |d ABA001 
041 1 |a ita  |h cze 
072 7 |a 641  |x Kuchařství. Potraviny. Vařená jídla  |2 Konspekt  |9 19 
080 |a 641.568(437.32)  |2 MRF 
080 |a 641.568(437.33)  |2 MRF 
080 |a (083.12)  |2 MRF 
245 0 3 |a Le migliori ricette regionali della Moravia-Slesia /  |c Regione della Moravia-Slesia 
260 |a Ostrava :  |b Regione della Moravia-Slesia,  |c 2013 
300 |a 56 s. :  |b barev. il. ;  |c 21 cm 
500 |a Přeloženo z češtiny? 
500 |a Název z obálky 
500 |a Nad názvem: Che sapore ha la Moravia-Slesia 
650 0 7 |a moravská jídla  |7 ph115349  |2 czenas 
650 0 7 |a slezská jídla  |7 ph214602  |2 czenas 
650 0 9 |a Moravian cookery  |2 eczenas 
650 0 9 |a Silesian cookery  |2 eczenas 
655 7 |a kuchařské recepty  |7 fd132687  |2 czenas 
655 9 |a cookbooks  |2 eczenas 
710 1 |a Moravskoslezský kraj (Česko : 2000-)  |7 ge136510 
910 2 |a BOA001  |b 2-1319.279 
928 9 |a Moravskoslezský kraj 
990 |a BK 
995 |a 01 
991 |b 201402  |c NOV  |e n 
996 6 |b 2610579139  |c 2-1319.279  |l MZK  |r Sklad / do 1 hodiny  |n 0  |p p.v.  |w 001397246  |u 000010  |a 1  |e BOA001  |j MZK50  |s P